[Event "Bratislava Doprastav op"]
[Site "Bratislava"]
[Date "2010.07.05"]
[Round "6"]
[White "Groh, Jiri"]
[Black "Pozsar, Peter"]
[Result "1-0"]
[WhiteElo "2134"]
[BlackElo "1862"]
[PlyCount "45"]
[EventDate "2010.07.02"]
[EventType "swiss"]
[EventRounds "9"]
[EventCountry "SVK"]
[SourceTitle "EXT 2012"]
[Source "ChessBase"]
[SourceDate "2011.11.24"]
[SourceVersion "1"]
[SourceVersionDate "2011.11.24"]
[SourceQuality "1"]

1. c4 c5 2. Nf3 g6 3. g3 Bg7 4. Bg2 Nc6 5. 0-0 Nf6 6. Nc3 0-0 7. d4 cxd4 8. Nxd4 Nxd4 9. Qxd4 d6 10. b3 Nd7 11. Qd2 a6 12. Bb2 Rb8 13. a4 Nc5 14. Ra3 Be6 15. b4 Nd7 16. Nd5 Nb6 17. Bxg7 Bxd5 18. Bxf8 Bxg2 19. Rc1 Bd5 20. cxd5 Kxf8 21. a5 Nd7 22. Rac3 Ne5 23. Qc2 1-0

[Event "Bratislava Doprastav op"]
[Site "Bratislava"]
[Date "2008.07.02"]
[Round "6"]
[White "Pozsar, Peter"]
[Black "Sklars, Tomas"]
[Result "1-0"]
[WhiteElo "1693"]
[BlackElo "1763"]
[PlyCount "122"]
[EventDate "2008.06.28"]
[EventType "swiss"]
[EventRounds "7"]
[EventCountry "SVK"]
[SourceTitle "CBM 125 Extra"]
[Source "ChessBase"]
[SourceDate "2008.09.01"]
[SourceVersion "1"]
[SourceVersionDate "2008.09.01"]
[SourceQuality "1"]

1. d4 d5 2. Nf3 Nf6 3. Bg5 Bg4 4. Ne5 Bf5 5. f3 Nbd7 6. Nd3 c6 7. c3 e6 8. e4 dxe4 9. fxe4 Bxe4 10. Nd2 Bxd3 11. Bxd3 Be7 12. 0-0 0-0 13. Qc2 h6 14. Bh4 Nd5 15. Bxe7 Qxe7 16. Rae1 Qg5 17. Nf3 Qe7 18. a3 b5 19. Ne5 Rac8 20. Bh7+ Kh8 21. Rxf7 Qxf7 22. Nxf7+ Rxf7 23. Bd3 Rf6 24. c4 N5b6 25. b3 a6 26. Qe2 Re8 27. Qe4 Kg8 28. Rf1 Rxf1+ 29. Kxf1 Rf8+ 30. Ke2 Rf6 31. Qh7+ Kf8 32. Bg6 bxc4 33. Qh8+ Ke7 34. Qxg7+ Kd6 35. b4 Nd5 36. g3 c3 37. Bc2 N7b6 38. Qb7 Rf8 39. a4 Nc4 40. Qa7 Ncb6 41. Qxa6 Ra8 42. Qb7 Re8 43. Qf7 Re7 44. Qf8 Nd7 45. Qxh6 Nxb4 46. Kd1 Rf7 47. Bb3 Rf6 48. Qh3 Nd3 49. Kc2 Ne1+ 50. Kxc3 Rf3+ 51. Kd2 Rxb3 52. Kxe1 Ra3 53. Qh8 Rxa4 54. g4 Kd5 55. Qg7 Ra7 56. h4 Ke4 57. h5 Ke3 58. Kd1 Kd3 59. Kc1 Ra1+ 60. Kb2 Ra7 61. h6 Rb7+ 1-0

[Event "Bratislava Doprastav op"]
[Site "Bratislava"]
[Date "2008.06.29"]
[Round "3"]
[White "Simek, Jozef"]
[Black "Pozsar, Peter"]
[Result "1/2-1/2"]
[WhiteElo "2042"]
[BlackElo "1693"]
[PlyCount "38"]
[EventDate "2008.06.28"]
[EventType "swiss"]
[EventRounds "7"]
[EventCountry "SVK"]
[SourceTitle "CBM 125 Extra"]
[Source "ChessBase"]
[SourceDate "2008.09.01"]
[SourceVersion "1"]
[SourceVersionDate "2008.09.01"]
[SourceQuality "1"]

1. e4 c5 2. Nf3 d6 3. d4 cxd4 4. Nxd4 Nf6 5. Nc3 a6 6. Be2 e5 7. Nf3 Be6 8. Ng5 Be7 9. Nxe6 fxe6 10. Bc4 Qd7 11. 0-0 0-0 12. a4 Nc6 13. Bg5 Rac8 14. Qd3 Nd4 15. Ba2 h6 16. Bh4 Nh5 17. Bxe7 Qxe7 18. Ne2 Nxc2 19. Qh3 Kh8 1/2-1/2

[Event "Bratislava Doprastav op"]
[Site "Bratislava"]
[Date "2008.06.28"]
[Round "1"]
[White "Kebis, Milos"]
[Black "Pozsar, Peter"]
[Result "1-0"]
[WhiteElo "2009"]
[BlackElo "1693"]
[PlyCount "51"]
[EventDate "2008.06.28"]
[EventType "swiss"]
[EventRounds "7"]
[EventCountry "SVK"]
[SourceTitle "CBM 125 Extra"]
[Source "ChessBase"]
[SourceDate "2008.09.01"]
[SourceVersion "1"]
[SourceVersionDate "2008.09.01"]
[SourceQuality "1"]

1. c4 Nf6 2. Nf3 c5 3. g3 Nc6 4. Bg2 g6 5. Nc3 Bg7 6. 0-0 0-0 7. d4 cxd4 8. Nxd4 a6 9. e4 d6 10. Nc2 Ng4 11. h3 Nge5 12. Ne3 Na5 13. Qe2 Be6 14. Ncd5 Rc8 15. b3 Nexc4 16. Rb1 Ne5 17. Bb2 Bd7 18. Rfd1 Bb5 19. Qd2 Bd7 20. Bd4 Rc6 21. f4 Bxh3 22. fxe5 dxe5 23. Bc3 Bxg2 24. Bxa5 b6 25. Bb4 Rd6 26. Kxg2 1-0